000 00499nam a2200169Ia 4500
008 090201s9999 xx 000 0 und d
010 _aKPL-28289
040 _bइंग्रजी
041 _aइंग्रजी
082 _a29187
_b28289
100 _an robert
245 _aman and the state the political philosophers
_cn robert
260 _c2004
_bmodern pocket library
300 _a532
_bमोठा
600 _aman and the state the political philosophers
942 _cBOOK
999 _c227828
_d227828